Basketball: (Record no. 9781)

MARC details
000 -LEADER
fixed length control field 00372nam a22001457a 4500
008 - FIXED-LENGTH DATA ELEMENTS--GENERAL INFORMATION
fixed length control field 240226b |||||||| |||| 00| 0 eng d
020 ## - INTERNATIONAL STANDARD BOOK NUMBER
International Standard Book Number 9781450414883
082 ## - DEWEY DECIMAL CLASSIFICATION NUMBER
Classification number 796.32
100 ## - MAIN ENTRY--PERSONAL NAME
Personal name Wissel, Hal
245 ## - TITLE STATEMENT
Title Basketball:
Remainder of title Steps to Success.
250 ## - EDITION STATEMENT
Edition statement 3rd ed.
260 ## - PUBLICATION, DISTRIBUTION, ETC.
Place of publication, distribution, etc. USA:
Name of publisher, distributor, etc. Human Kinetics;
Date of publication, distribution, etc. 2012.
300 ## - PHYSICAL DESCRIPTION
Extent iv, 355 p.
Other physical details Colour illus.
Dimensions 28 cm
942 ## - Added entry Elements (Koha)
Source of classification or shelving scheme Dewey Decimal Classification
Holdings
Withdrawn status Lost status Source of classification or shelving scheme Damaged status Not for loan Collection code Home library Current library Shelving location Date acquired Serial Enumeration / chronology Total Checkouts Full call number Barcode Date last seen Price effective from Koha item type
    Dewey Decimal Classification     Main TEST RTC Library RTC Library Main opac 26/02/2024 18442   796.32 WIS 30019132 26/02/2024 26/02/2024 Main
Royal Thimphu College || All Right Reserved